Devinettes - Série 01 - Statistiques

Statistiques générales
  • Ce quiz a été pris 1 549 fois
  • Le résultat moyen est 6 sur 10
Statistiques - réponses
Définition Indice Solution % Correct
C'est le fruit préféré des militaires 7G Grenade
86%
C'est le numéro préféré du vampire 4C Cent
76%
Il se lève sans faire de bruit 4J Jour
73%
Il se brise lorsqu'on le nomme 7S Silence
68%
Elle tombe sans se faire mal 4N Nuit
66%
Elle a deux aiguilles mais qui ne piquent pas 6M Montre
63%
Il réfléchit sans réfléchir 6M Miroir
48%
Elles ont 2 branches mais pas de feuille 8L Lunettes
47%
Elle nait grande et meurt petite 6B Bougie
31%
Il peut faire le tour du monde tout en restant dans son coin. 6T Timbre
31%
Aucun quiz correspondant
Distribution des résultats
% des personnes avec chaque résultat
Percentile par nombre de réponses
Votre historique - résultats
Vous n’avez pas pris ce quiz